How restricted is the job mobility of skilled temporary work visa holders? (Record no. 510811)

000 -LEADER
fixed length control field 00577nam a2200181 4500
008 - FIXED-LENGTH DATA ELEMENTS--GENERAL INFORMATION
fixed length control field 190902b ||||| |||| 00| 0 eng d
100 ## - MAIN ENTRY--PERSONAL NAME
Personal name Hunt, Jennifer
245 ## - TITLE STATEMENT
Title How restricted is the job mobility of skilled temporary work visa holders?
260 ## - PUBLICATION, DISTRIBUTION, ETC. (IMPRINT)
Date of publication, distribution, etc 2019
300 ## - PHYSICAL DESCRIPTION
Extent p.41-64.
650 ## - SUBJECT ADDED ENTRY--TOPICAL TERM
Topical term or geographic name as entry element Job mobility - United States
9 (RLIN) 9392
650 ## - SUBJECT ADDED ENTRY--TOPICAL TERM
Topical term or geographic name as entry element Skilled workers - United States
9 (RLIN) 9393
650 ## - SUBJECT ADDED ENTRY--TOPICAL TERM
Topical term or geographic name as entry element Work visa
9 (RLIN) 9394
700 ## - ADDED ENTRY--PERSONAL NAME
Personal name Xie, Bin
9 (RLIN) 9395
773 ## - HOST ITEM ENTRY
Main entry heading Journal of Policy Analysis and Management
906 ## - LOCAL DATA ELEMENT F, LDF (RLIN)
Subject DIP Employment - United States
942 ## - ADDED ENTRY ELEMENTS (KOHA)
Source of classification or shelving scheme
Item type Articles
Holdings
Withdrawn status Lost status Source of classification or shelving scheme Damaged status Not for loan Permanent location Current location Date acquired Serial Enumeration / chronology Barcode Date last seen Koha item type
          Indian Institute of Public Administration Indian Institute of Public Administration 2019-09-02 38(1), Winter, 2019: p.41-64. AR120671 2019-09-02 Articles

Powered by Koha